00795nam a2200181 a 450000100100000000500170001000800410002704000250006808200160009310000360010924501840014526000870032930000270041650000300044304900090047395201140048299900170059600002942720240228141457.0110415s1992 cl a 000 0 spa d aDO-SdBNPbspacBNPHU axxxxbM857r1 aMorillo Pérez, Antonio91139310aRepública Dominicana. Necesidades insatisfechas y demanda total de métodos de planificación familiar :bsituación actual y perspectivas futuras /cAntonio Morillo Pérez. aSantiago, Chile :bCentro Latinoamericano de Demografía,c1992.fNaciones Unidas a44 p. :bil. ;c28 cm. aBibliografía : p. 43-44 aBNPD 001050718MOaPDbPDcHDd2011-04-15iLF1l0oxxxx M857rp29427-10r2020-06-25w2020-06-25y1ZNo se presta c28919d28919